Gevichidunnu Mrudhiyil (Record no. 66164)

MARC details
000 -LEADER
fixed length control field 00391nam a2200133Ia 4500
008 - FIXED-LENGTH DATA ELEMENTS--GENERAL INFORMATION
fixed length control field 211109s9999||||xx |||||||||||||| ||und||
082 ## - DEWEY DECIMAL CLASSIFICATION NUMBER
Classification number 894.8123
Item number VEL-G
100 ## - MAIN ENTRY--PERSONAL NAME
Personal name P V, Velayudhan Pillai
245 #0 - TITLE STATEMENT
Title Gevichidunnu Mrudhiyil
260 ## - PUBLICATION, DISTRIBUTION, ETC.
Name of publisher, distributor, etc. AUTHOR
Place of publication, distribution, etc. Kottayam
Date of publication, distribution, etc. 1976
630 ## - SUBJECT ADDED ENTRY--UNIFORM TITLE
General subdivision GENERAL STACK
650 ## - SUBJECT ADDED ENTRY--TOPICAL TERM
Topical term or geographic name entry element Malayalam Literature
942 ## - ADDED ENTRY ELEMENTS (KOHA)
Koha item type BOOK
650 ## - SUBJECT ADDED ENTRY--TOPICAL TERM
Form subdivision Malayalam Novel
General subdivision Malayalam FictionLiterature
Holdings
Withdrawn status Lost status Damaged status Not for loan Home library Current library Date acquired Cost, normal purchase price Total Checkouts Full call number Barcode Shelving location Date last seen Price effective from Koha item type
        SB LIBRARY SB LIBRARY 09/11/2021 2.50   894.8123 VEL-G 00050146 GENERAL STACK 09/11/2021 09/11/2021 BOOK

Powered by Koha